| 000 | 00599nam a22001697a 4500 | ||
|---|---|---|---|
| 005 | 20250515141138.0 | ||
| 008 | 250515b |||||||| |||| 00| 0 eng d | ||
| 020 | _a9716912048 | ||
| 082 | _aDFil 363.25 T675 2002 | ||
| 100 |
_aTradio, Cirilo M., author. _925558 |
||
| 245 |
_aHandbook of criminal investigation and detection with criminal evidence / _cCirilo M. Tradio |
||
| 250 |
_aThird edition. _bReprinted. |
||
| 260 |
_aQuezon City : _bCentral Professional Books, Inc., _c©2002. |
||
| 300 |
_avi, 204 pages : _billustrations ; _c22 cm. |
||
| 500 | _aIncludes bibliography. | ||
| 942 |
_2ddc _cDFIL |
||
| 999 |
_c23626 _d23626 |
||